Orellana descubre el Amazonas
Uloženo v:
| Hlavní autor: | |
|---|---|
| Médium: | Kniha |
| Jazyk: | španělština |
| Vydáno: |
Santiago
Ercilla
1957
|
| Témata: | |
| Tagy: |
Přidat tag
Žádné tagy, Buďte první, kdo vytvoří štítek k tomuto záznamu!
|
MARC
| LEADER | 00000nam a2200000 a 4500 | ||
|---|---|---|---|
| 001 | UCV9899 | ||
| 003 | CL-VaPUC | ||
| 008 | 930713e19570000CL |||||||||||||||||spa|d | ||
| 082 | 0 | 4 | |a 918.1104 |b MIL |2 21 |
| 100 | |a Millar, George |e autor |9 303890 | ||
| 245 | 1 | 0 | |a Orellana descubre el Amazonas |
| 300 | |a 316 p | ||
| 942 | |c BK | ||
| 945 | |d 19930713 00:00:00 | ||
| 260 | |a Santiago |b Ercilla |c 1957 | ||
| 600 | 0 | 7 | |a ORELLANA, FRANCISCO DE |2 CL-VaPUC |9 268856 |
| 650 | 7 | |a DESCUBRIMIENTO Y EXPLORACIONES |2 CL-VaPUC |9 303891 | |
| 651 | 7 | |a RIO AMAZONAS |2 CL-VaPUC |9 268858 | |
| 583 | |a last modification |c 19930713 00:00:00 |k Rodrigo Vera | ||
| 999 | |c 215170 |d 215168 | ||
| 952 | |0 0 |1 0 |4 0 |6 918_110400000000000_MIL_1957 |7 0 |8 A |9 199189 |a BIBARQ |b BIBARQ |d 2019-11-14 |i 2665158 |o 918.1104 MIL 1957 |p 2665158 |r 2025-01-20 |w 2019-11-14 |y BK |k ARQ | ||